Music Quiz

Random Music or Album Quiz
Score 0/12 Timer 04:00
1 Play Today
Track % Correct
3Heart-Shaped Box
90.2%
4Rape Me
83%
12All Apologies
77.2%
1Serve the Servants
66.9%
9Pennyroyal Tea
66.5%
6Dumb
64.8%
5Frances Farmer Will Have Her Revenge on Seattle
64.2%
2Scentless Apprentice
60.2%
8Milk It
55.4%
7Very Ape
53.3%
10Radio Friendly Unit Shifter
52.9%
11tourette's
51.2%
Remove Ads.
Support Sporcle.
Get the best of Sporcle when you Go Orange. This ad-free experience offers more features, more stats, and more fun while also helping to support Sporcle. Thank you for becoming a member.

You're not logged in!

Compare scores with friends on all Sporcle quizzes.
OR
Log In

Show Comments

Extras

Top Quizzes Today


Score Distribution

Your Account Isn't Verified!

In order to create a playlist on Sporcle, you need to verify the email address you used during registration. Go to your Sporcle Settings to finish the process.

Report this User

Report this user for behavior that violates our Community Guidelines.

Details: